Die teuersten Fußballtransfers - Defensive Mittelfeldspieler - 2013-14 - Statistiken

Allgemein
  • Dieses Quiz wurde 19 mal gespielt
  • Das Durchschnittsergebnis liegt bei 4 aus 11
Antwortstatistiken
Ablöse (M €) Nationalität Abgebender Verein Aufnehmender Verein Spieler % Korrekt
40,00 Brasilien Shakhtar D. Manchester City Fernandinho
93%
16,00 Brasilien Bayern München VfL Wolfsburg Luiz Gustavo
87%
25,00 Serbien Benfica FC Chelsea Nemanja Matic
73%
32,00 Spanien Real Sociedad Real Madrid Asier Illarramendi
47%
11,00 Brasilien Grêmio Shakhtar D. Fernando
27%
20,00 Zentralafrikanische Republik / Frankreich FC Sevilla AS Monaco Geoffrey Kondogbia
27%
14,50 Kenia Celtic Glasgow Southampton Victor Wanyama
20%
12,00 Frankreich Anzhi Loko Moskau Lassana Diarra
7%
11,00 Frankreich FC Toulouse Tottenham Étienne Capoue
0%
15,00 Russland Anzhi Dynamo Moskau Igor Denisov
0%
15,00 Russland Zenit S-Pb Anzhi Igor Denisov
0%
Keine übereinstimmenden Quizze gefunden
Verteilung der Resultate
Anzahl Personen mit jedem Resultat
Perzentil nach korrekt beantworteten Fragen
Ihre Resultats-Entwicklung
Sie haben dieses Quiz noch nicht gespielt